000
00233 a2200109 4500
245
_a
THE POWER AND THE GLORY
_h
Text
020
_a
0140017917
100
_a
GREENE, GREENE
650
_a
English Novel
005
20191017172806.0
260
_c
1940
084
_a
NONE
999
_c
9376
_d
9376